| 000 | 00563nam a2200169 i 4500 | ||
|---|---|---|---|
| 001 | 24617 | ||
| 003 | ES-MaACL | ||
| 005 | 20230906153100.0 | ||
| 007 | t| | ||
| 008 | 021218s1935 sp ||||1| spa d | ||
| 100 | 1 |
_aAntón del Olmet, Fernando de, _cMarqués de Dosfuentes, _dn. 1872 _921946 |
|
| 245 | 1 | 3 |
_aEl trabajo _b: poema cívico : 1828-1876-1894 / _cpor Fernando de Antón del Olmet, marqués de Dosfuentes. |
| 260 |
_aMadrid : _b[s.n., _c1935] ( _fC. Bermejo) |
||
| 300 |
_a280 p. ; _c29 cm. |
||
| 852 |
_aES-MaACL _jA-4126 |
||
| 999 |
_c24617 _d24617 |
||